000 00622nam a2200217Ia 4500
005 20260429112058.0
008 260429s9999||||xx |||||||||||||| ||und||
020 _a9788126938612
041 _aEnglish
082 _a658.4063
_bMAI
100 _aMaital, Shlomo
245 0 _aInnovation management :
_bstrategies, concepts and tools for growth and profit /
_cShlomo Maital
250 _a1st ed.
260 _aNew Delhi :
_bAtlantic Publishers and Distributors,
_c2024.
300 _a491 p.; pbk
650 _a Growth
650 _a Profit
650 _aManagement
700 _a Seshadri, D. V. R.
942 _cTB
999 _c52240
_d52240